Normal view
MARC view
- Kirk, Andy,
Entry Personal Name
001 - CONTROL NUMBER
- control field: 1648
003 - CONTROL NUMBER IDENTIFIER
- control field: NUST
005 - DATE AND TIME OF LATEST TRANSACTION
- control field: 20170530132623.0
008 - FIXED-LENGTH DATA ELEMENTS
- fixed length control field: 170530|| aca||aabn | a|a d
040 ## - CATALOGING SOURCE
- Original cataloging agency: NUST
- Transcribing agency: NUST
100 ## - HEADING--PERSONAL NAME
- Personal name: Kirk, Andy,
- Dates associated with a name: 1898-1992.
670 ## - SOURCE DATA FOUND
- Source citation: Work cat.: (NUST)0: Kirk, Andy, 1898-1992., Data visualization, 2012.
